00703 2200229 4500001002100000005001700021008004100038020002200079035002400101041000800125043001200133082000800145090001900153100002000172245013800192260003700330300002500367650003300392700001400425850001200439999002200451YOGYA-0511000000130320110523124521.0 ind  a978-602-8528-50-4 0010-051100000001302 aInd aYOPDYOG a425 aDEP 425bDar C aDARMAWAN , Arif aComplete english vocabularybcara asyik belajar kosakata bahasa inggriscArif Darmawan; ilustrasi Wijayanto; penyunting Irham Syaroni aYogyakartabIde World Kidsc2010 a42 hlmbilusc29 hlm aBahasa inggris - tata bahasa aWijayanto aYOPDYOG aCB-D.11 2010-1572